00409pab a2200133 454500008004000000100003000040245005700070260000900127300001200136650003500148650002700183700002600210773003900236180718b1999 xxu||||| |||| 00| 0 eng d aDatta, Soumyendra Kishore aIndustrial disparity in India: a test of convergence c1999 ap.19-30 aIndustrial development - India aIndustrial development aMukhopadhyay, Falguni aIndian Journal of Regional Science